000 00652nam a2200193Ii 4500
003 JO-AjNU
008 230605s9999||||xx |||||||||||||| ||und||
040 _aJO-AjNU
_bara
_erda
_cJO-AjNU
041 _aara
050 1 4 _aQA76.73.B3 M362 1986
100 3 _aمنصور، عوض,
_eauthor
_945782
245 0 0 _a برمجة الحاسبات الالكترونية بلغة بيسك
264 3 1 _aعمان:دار الحامد، 1986
300 _a381ص
336 _atext
_btxt
_2rdacontent
337 _aunmediated
_bn
_2rdamedia
338 _avolume
_bnc
_2rdacarrier
650 4 _a بيسك (لغة برمجة حاسوب إلكتروني). 
_945783
999 _aA19870
_c23438
_d23438